[Event "Staunton Memorial 6"]
[Site "London"]
[Date "2008.08.17"]
[Round "10"]
[White "Sokolov, Ivan"]
[Black "Adams, Michael"]
[Result "1/2-1/2"]
[WhiteElo "2658"]
[BlackElo "2735"]
[Annotator "JvR"]
[PlyCount "87"]
[EventDate "2008.08.07"]
[SourceDate "1999.07.01"]

1. d4 Nf6 2. c4 e6 3. Nf3 b6 4. Nc3 Bb4 5. Qc2 Bb7 6. a3 Bxc3+ 7. Qxc3 d6 8.
Bg5 h6 9. Bh4 g5 10. Bg3 Ne4 11. Qc2 h5 12. d5 $5 {
Sokolov plays a sharp novelty.} Nxg3 (12... exd5 $5 13. cxd5 Bxd5 14. Nd2 f5 {
brings mutual chances.}) 13. hxg3 Qf6 14. Qd2 g4 15. Nd4 Nd7 16. Nb5 O-O-O $1
17. Nxa7+ Kb8 18. Nb5 Nc5 {Black has compensation for the pawn.} 19. Qc3 Qg5
20. Rd1 exd5 21. cxd5 {Sokolov refuses the offer of a draw.} Bxd5 {
Black has regained the pawn.} 22. b4 $1 {White takes the initiative.} Ne6 23.
e3 Rhe8 24. a4 $1 c6 $6 ({More useful is} 24... Rd7) 25. Nd4 Rc8 26. Nxe6 $6 ({
Preferable is} 26. Ba6 $1 Rc7 27. O-O) 26... Rxe6 27. Qd4 {
White still has the initiative in an equal position.} Kc7 28. a5 $1 Rb8 29. b5
$1 Qe5 30. Qd2 (30. a6 $1 Qxd4 31. Rxd4 Re5 32. Kd2 $5 cxb5 33. Bxb5 Bxg2 34.
Rc1+ Rc5 35. Rf4 Rf8 36. Rf5 {gains a plus.}) 30... Be4 31. axb6+ Rxb6 32. Rc1
Re8 33. Qa2 Kb7 34. Qxf7+ Re7 35. bxc6+ Rxc6 36. Qb3+ {
Sokolov delivers perpetual check.} Ka8 37. Qg8+ Kb7 38. Qb3+ Ka8 39. Qa2+ Ra7
40. Qg8+ Kb7 41. Qf7+ Kb6 42. Qb3+ Kc7 43. Qf7+ Kb6 44. Qb3+ {
Adams kept the lead.} 1/2-1/2

[Event "Staunton Memorial 6"]
[Site "London"]
[Date "2008.08.17"]
[Round "10"]
[White "Van Wely, Loek"]
[Black "Cherniaev, Alexander"]
[Result "1-0"]
[WhiteElo "2644"]
[BlackElo "2431"]
[Annotator "JvR"]
[PlyCount "59"]
[EventDate "2008.08.07"]
[SourceDate "1999.07.01"]

1. d4 f5 2. g3 Nf6 3. Bg2 g6 4. Nf3 Bg7 5. b4 c6 6. c4 Ne4 7. Bb2 O-O 8. a4 $5
({Theory is} 8. O-O) 8... d5 9. cxd5 cxd5 10. Qb3 $5 Be6 $5 11. b5 Nd7 12. a5
Kh8 13. e3 Rc8 14. Nc3 Bg8 15. Ne2 $6 (15. O-O {completes the development.})
15... Qc7 16. O-O Qc2 $1 {Black has the initiative.} 17. Nc1 $1 g5 $6 (17...
Qc4 $1 18. Ba3 Rfe8 {keeps the edge.}) 18. Qxc2 Rxc2 19. Ba3 g4 20. Ne1 Rc4 21.
Ned3 Nc3 $2 (21... Bf6 {protects the weakness.}) 22. Bxe7 Re8 23. Bh4 Nxb5 24.
Nf4 $1 Nc3 25. Na2 $1 {The counterattack begins.} Ne4 26. Rfb1 $1 b6 27. Nb4 $1
Nc3 28. Rb2 Rec8 {Black cannot defend his central pawn.} 29. Nbxd5 Nxd5 30.
Bxd5 {Van Wely neared Adams.} 1-0

[Event "Staunton Memorial 6"]
[Site "London"]
[Date "2008.08.18"]
[Round "11"]
[White "Cherniaev, Alexander"]
[Black "Smeets, Jan"]
[Result "0-1"]
[WhiteElo "2431"]
[BlackElo "2593"]
[Annotator "JvR"]
[PlyCount "66"]
[EventDate "2008.08.07"]
[SourceDate "1999.07.01"]

1. e4 c5 2. c3 Nf6 3. e5 Nd5 4. Nf3 Nc6 5. d4 cxd4 6. cxd4 d6 7. Bc4 Nb6 8. Bb5
a6 9. Bxc6+ bxc6 10. Qc2 Qc7 11. O-O d5 12. h3 $5 a5 13. a4 Ba6 14. Re1 e6 15.
b3 Bb4 16. Bd2 Nd7 17. Bxb4 axb4 18. Rc1 Rc8 19. Qd2 Qa5 20. Ra2 c5 $1 {
He liberates his position.} 21. dxc5 Rxc5 22. Rac2 O-O 23. Qe3 Rfc8 24. Rxc5
Rxc5 25. Rxc5 Nxc5 26. Nbd2 Qc7 27. Ne1 Nd7 28. Ndf3 h6 29. Qd4 Qc3 $1 30. Qxc3
$2 ({Right is} 30. Qe3 $1 Nc5 31. Nd4) 30... bxc3 {
Black's passed pawns become very strong.} 31. b4 Bc4 32. a5 $2 (32. Nd4 $1 g5
$1 33. g3 Nxe5 34. b5 {offers more resistance.}) 32... f6 $1 33. exf6 e5 $1 {
The c-pawn is going to queen soon.} 0-1

[Event "Staunton Memorial 6"]
[Site "London"]
[Date "2008.08.18"]
[Round "11"]
[White "Wade, Robert"]
[Black "L'Ami, Erwin"]
[Result "0-1"]
[WhiteElo "2167"]
[BlackElo "2610"]
[Annotator "JvR"]
[PlyCount "78"]
[EventDate "2008.08.07"]
[SourceDate "1999.07.01"]

{Robert Wade participated at the age of 87. He lost all games.} 1. e4 c5 2. b3
Nc6 3. Bb2 Nf6 4. Nc3 d6 5. Nf3 e5 6. Bb5 Bd7 7. Qe2 g6 8. Nd5 Bg7 9. Nxf6+
Qxf6 10. h3 O-O $5 ({Known is} 10... a6 11. Bxc6 Bxc6) 11. d3 a6 12. Bc4 Qd8
13. O-O $2 ({Preferable is} 13. a4 Qa5+ 14. c3) 13... Ne7 $1 14. c3 b5 15. Bd5
Nxd5 {Black makes a favourable exchange.} 16. exd5 f5 $1 17. c4 g5 $1 18. Rae1
b4 19. Bc1 h6 20. Nh2 $5 Qf6 21. Bb2 Qg6 22. g4 $6 a5 23. Ra1 a4 24. a3 $6 axb3
25. axb4 cxb4 26. Qd2 fxg4 27. hxg4 Rxa1 28. Rxa1 e4 29. Ra7 $6 Bxb2 30. Qxb2
Qf6 31. d4 $2 (31. Qxf6 Rxf6 32. Rb7 exd3 33. Nf1 Bxg4 34. Rxb4 {
prolongs the game.}) 31... Qxf2+ $1 32. Qxf2 Rxf2 33. Rb7 b2 34. Rxb4 Rc2 35.
Nf1 e3 $1 36. Nxe3 Rc1+ 37. Kf2 b1=Q 38. Rxb1 Rxb1 39. c5 Rb4 {The final standi
ngs became: Adams 8, Van Wely 71/2, Smeets 7, Timman 61/2, L'Ami and Sokolov 6,
Speelman, Short and Werle 51/2, Wells 5, Cherniaev 31/2, Wade 0. The Dutchmen
won again. Wade died before the end of the year, but this was no direct
consequence of the Staunton Memorial.} 0-1

[Event "Staunton Memorial 7"]
[Site "London"]
[Date "2009.08.08"]
[Round "1"]
[White "Jones, Gawain"]
[Black "L'Ami, Erwin"]
[Result "0-1"]
[WhiteElo "2554"]
[BlackElo "2593"]
[Annotator "JvR"]
[PlyCount "82"]
[EventDate "2009.08.08"]
[EventType "schev"]
[SourceDate "1999.07.01"]

{The seventh Staunton Memorial was played at Simpson's-in-the-Strand from 8
until 17 viii 2009. Five British and five Dutch players carried out double
rounds, according to the Scheveningen System. Short, Howell, McShane, Jones
and Adams battled versus Smeets, Van Wely, Sokolov, L'Ami and Werle. I will
analyse the decided games.} 1. e4 e5 2. Nf3 Nc6 3. d4 exd4 4. Nxd4 Bb4+ 5. c3
Bc5 6. Be3 Bb6 7. Nf5 Bxe3 8. Nxe3 Nf6 9. f3 O-O 10. c4 d6 11. Qd2 $5 ({
Theory is} 11. Nc3) 11... Ne5 12. Be2 Be6 13. Nc3 Kh8 $6 {
Black has a passive game.} 14. f4 $1 Neg4 15. Nc2 $1 {
Knight g4 meets a problem.} Nh6 16. O-O-O a6 17. f5 $5 ({
The pawn avalanche after} 17. h3 $1 {is even worse for Black.}) 17... Bd7 18.
Qf4 $1 Bc6 19. g4 Nd7 20. g5 Ng8 21. h4 Re8 22. f6 $6 {
The advance is premature.} gxf6 23. Bg4 $6 Ne5 24. Bf5 $6 Bd7 $2 (24... Nxc4 $1
25. Qg4 Bd7 $1 26. Bxd7 Ne5 {equalises.}) 25. Ne3 Be6 26. Kb1 $2 b5 $2 ({
He misses the chance} 26... Nxc4 27. Bxe6 $6 Nxe3 $1) 27. c5 $1 b4 28. Ncd5 Rb8
29. gxf6 $5 Nxf6 30. Qh6 $1 Bxd5 31. Rhg1 $2 (31. Rxd5 $1 {wins at once.})
31... Ng6 $1 32. Nxd5 Nxd5 33. h5 Nc3+ $5 34. bxc3 $2 ({The cold-blooded} 34.
Ka1 $1 {wins for White.}) 34... bxc3+ 35. Kc1 c2 $2 ({Better is} 35... Qh4 $1
36. Bxg6 fxg6 37. Rxg6 Re7 38. Rf6 Rg7 39. Rdf1 Kg8) 36. Kxc2 $2 (36. hxg6
cxd1=Q+ 37. Rxd1 fxg6 38. Rh1 Re7 39. Qxg6 Qg8 40. Qf6+ Rg7 41. Rxh7+ Qxh7 42.
Bxh7 Kxh7 43. cxd6 cxd6 44. Qxd6 {brings a plus.}) 36... Qh4 $1 37. Rd2 $6 ({
Preferable is} 37. Qe3 $5 Ne5 $1 38. Qg3 Qxg3 39. Rxg3 dxc5) 37... Rxe4 $1 38.
Bxe4 Qxe4+ 39. Rd3 Qc4+ 40. Kd2 Rb2+ 41. Ke3 Qe6+ {
White is mated in a sudden counterattack.} 0-1

[Event "Staunton Memorial 7"]
[Site "London"]
[Date "2009.08.08"]
[Round "1"]
[White "McShane, Luke"]
[Black "Sokolov, Ivan"]
[Result "0-1"]
[WhiteElo "2620"]
[BlackElo "2655"]
[Annotator "JvR"]
[PlyCount "68"]
[EventDate "2009.08.08"]
[EventType "schev"]
[SourceDate "1999.07.01"]

1. e4 e5 2. Nf3 Nc6 3. Bc4 Nf6 4. d3 Bc5 5. c3 Bb6 6. Bb3 d6 7. h3 Ne7 8. Nbd2
c6 9. Nc4 Bc7 10. Qc2 $5 Ng6 11. g3 $5 d5 $1 12. Ne3 h6 13. Bd2 Be6 14. c4 Ne7
$5 15. g4 d4 $2 16. Nf5 Bxf5 17. exf5 $6 {Black weakens the centre.} ({
Preferable is} 17. gxf5 g6 18. fxg6 Nxg6 19. O-O-O) 17... e4 $1 18. dxe4 d3 $1
19. Qc3 O-O $1 20. Bc2 $2 {McShane sacrifices a piece.} (20. e5 $1 Ne4 21. Qc1
$1 Nxd2 22. Kxd2 $1 Ba5+ 23. Ke3 $1 Qd7 24. Kf4 d2 25. Qc2 Rad8 26. Kg3 {
defends in an adventurous way.}) 20... dxc2 21. Qxc2 c5 22. e5 Nd7 23. O-O-O
Nxe5 24. Bxh6 $1 Qb8 25. Bxg7 $5 Kxg7 26. Ng5 Ng8 27. Qc3 Nf6 28. Kb1 Nc6 29.
Rd7 Nd4 30. Ne6+ Nxe6 31. g5 $5 Nxg5 32. Rg1 Bf4 33. h4 Qe5 34. Rxg5+ Kh8 $1 {
Sokolov has stopped the attack and gained material.} 0-1

[Event "Staunton Memorial 7"]
[Site "London"]
[Date "2009.08.08"]
[Round "1"]
[White "Short, Nigel"]
[Black "Werle, Jan"]
[Result "1-0"]
[WhiteElo "2684"]
[BlackElo "2575"]
[Annotator "JvR"]
[PlyCount "81"]
[EventDate "2009.08.08"]
[EventType "schev"]
[SourceDate "1999.07.01"]

1. e4 e5 2. Nf3 Nc6 3. Bb5 a6 4. Ba4 Nf6 5. Nc3 Bb4 6. O-O O-O 7. Nd5 Bd6 $5 {
This move looks clumsy, but it is alright.} (7... Bc5 8. d3 h6 {
drew in Weiss - Hruby, Wien 1882.}) 8. Re1 Nxd5 9. exd5 b5 $2 ({Preferable is} 
9... Nd4 $1 10. c3 Nxf3+ 11. Qxf3) 10. dxc6 bxa4 11. Nxe5 dxc6 12. d4 Qh4 13.
c3 Be6 $1 14. Qxa4 Bd5 15. Qd1 Rfe8 16. Bd2 Bxe5 17. dxe5 Rad8 18. b3 Re6 19.
Re3 Rg6 20. Rg3 Rxg3 21. hxg3 Qe4 22. Qf1 h6 $6 (22... Bxb3 $1 23. axb3 Rxd2
24. Qxa6 g5 $1 {offers the last chance.}) 23. Bf4 Qc2 24. Qc1 Be4 25. g4 Qxc1+
26. Rxc1 g5 27. Be3 Kg7 28. f3 Bg6 29. Bd4 Rd5 30. b4 $1 Bd3 31. e6+ Kf8 32.
Re1 Bc4 33. Bc5+ $1 Ke8 34. exf7+ Kxf7 35. Re7+ Kg6 36. Rxc7 Rd1+ 37. Kh2 Bd5
38. Bd4 h5 39. gxh5+ Kxh5 40. a4 g4 41. Rh7+ {
The Netherlands led by 3-2 on Britain.} 1-0

[Event "Staunton Memorial 7"]
[Site "London"]
[Date "2009.08.09"]
[Round "2"]
[White "Smeets, Jan"]
[Black "Short, Nigel"]
[Result "0-1"]
[WhiteElo "2632"]
[BlackElo "2684"]
[Annotator "JvR"]
[PlyCount "62"]
[EventDate "2009.08.08"]
[EventType "schev"]
[SourceDate "1999.07.01"]

1. e4 Nf6 2. e5 Nd5 3. d4 d6 4. Nf3 dxe5 5. Nxe5 c6 6. Be2 Bf5 7. O-O Nd7 8. c4
N5f6 $5 ({Known is} 8... Nb4) 9. Bf4 Qb6 $5 10. Nxd7 Nxd7 11. Qd2 e5 $5 12.
dxe5 O-O-O 13. Nc3 Nc5 14. Nd5 $6 {
White should sacrifice a pawn instead of a piece.} (14. Qe3 $1 Qxb2 15. Bg5 Rd7
16. Rad1 {gains a plus.}) 14... cxd5 15. cxd5 Kb8 $6 (15... Ne4 16. Qc2+ Kb8
17. Bd3 Rc8 18. Qb3 Qxb3 19. axb3 Bc5 {slightly favours Black.}) 16. Be3 $1 f6
$2 ({Right is} 16... Re8) 17. b4 $2 (17. Rfc1 $1 fxe5 18. b4 {
achieves an advantage.}) 17... Ne4 18. Bxb6 Nxd2 19. Bxd8 Bxb4 $1 20. a3 Rxd8
21. axb4 Nxf1 22. Bxf1 fxe5 {Black has a material equality.} 23. Bc4 a6 24. Re1
e4 25. g4 $6 ({Wiser is the preparatory move} 25. h3) 25... Bxg4 26. Rxe4 {
All white pawns are weak.} Bf5 27. Re5 g6 28. f4 Kc7 29. Re7+ Rd7 30. Re8 $2 (
30. Rxd7+ Bxd7 31. Kf2 b6 32. Ke3 a5 33. bxa5 bxa5 34. Kd4 Kd6 35. Bb3 a4 36.
Bc2 {tries to survive in a bishop ending.}) 30... Kd6 31. b5 $2 a5 $1 {
Short scored his second win.} 0-1

[Event "Staunton Memorial 7"]
[Site "London"]
[Date "2009.08.09"]
[Round "2"]
[White "Van Wely, Loek"]
[Black "Jones, Gawain"]
[Result "1-0"]
[WhiteElo "2655"]
[BlackElo "2554"]
[Annotator "JvR"]
[PlyCount "61"]
[EventDate "2009.08.08"]
[EventType "schev"]
[SourceDate "1999.07.01"]

1. d4 Nf6 2. c4 g6 3. Nc3 Bg7 4. e4 d6 5. Nf3 O-O 6. Be2 e5 7. O-O Nh5 8. g3
Bh3 9. Re1 exd4 10. Nxd4 Nf6 11. Bf1 $5 ({Usual is} 11. Bg5 h6 12. Be3) 11...
Bxf1 12. Kxf1 Nc6 13. Nc2 $5 Nd7 14. Ne3 Bxc3 $6 ({The alternative is} 14...
Nc5 $1) 15. bxc3 Nc5 16. f3 Ne5 17. Ba3 $1 Qf6 $2 ({Better is} 17... Ned3 18.
Re2 Qf6) 18. Bxc5 $1 dxc5 19. f4 $1 Nc6 20. Nd5 Qd8 21. Qa4 Nb8 $2 ({
Preferable is} 21... Ne7 22. Rad1 Nxd5 23. cxd5 a6) 22. Rab1 $1 c6 ({Or} 22...
b6 23. Red1 $1) 23. Nb6 $1 Qd3+ 24. Kg1 axb6 25. Qxa8 Qxc4 26. Qxb7 b5 27. Rbd1
$1 Qxc3 28. e5 Qc2 29. Qe7 Qc3 30. e6 Kg7 31. Qxf8+ $1 {Van Wely won elegantly.
} 1-0

[Event "Staunton Memorial 7"]
[Site "London"]
[Date "2009.08.09"]
[Round "2"]
[White "Werle, Jan"]
[Black "Adams, Michael"]
[Result "0-1"]
[WhiteElo "2575"]
[BlackElo "2699"]
[Annotator "JvR"]
[PlyCount "80"]
[EventDate "2009.08.08"]
[EventType "schev"]
[SourceDate "1999.07.01"]

1. c4 Nf6 2. d4 e6 3. Nf3 d5 4. Nc3 Be7 5. Bg5 h6 6. Bh4 O-O 7. e3 b6 8. Rc1
Bb7 9. Bxf6 Bxf6 10. cxd5 exd5 11. Be2 c5 12. O-O cxd4 13. Nxd4 Nc6 $5 14. Ncb5
Nxd4 15. Nxd4 Rc8 16. Qa4 a5 {The chances are equal.} 17. Rcd1 Qe7 18. a3 g6
19. Rd2 h5 20. Rfd1 Rc5 21. Qb3 Qc7 22. Bf3 Rd8 23. Qd3 Qc8 24. Qf1 Ba6 25. Be2
Bc4 26. b4 axb4 27. axb4 Bxe2 28. Qxe2 Rc4 29. Qf3 Kg7 30. Qf4 b5 31. g3 Qd7
32. Ra2 Qe7 33. Ra6 Rdc8 34. Qf3 Bxd4 35. exd4 $2 ({Better is} 35. Rxd4 Rxd4
36. exd4 Qxb4 37. Qxd5) 35... Rxb4 36. Qxd5 Rd8 37. Qc6 Rbxd4 38. Rxd4 Rxd4 39.
Qxb5 $2 Rd1+ $1 40. Kg2 Qe4+ {Britain equalised the match to 5-5.} (40... Qe4+
41. Kh3 Rg1 $1 42. f3 Qc2 43. Qe5+ Kh7 {wins for Black.}) 0-1

[Event "Staunton Memorial 7"]
[Site "London"]
[Date "2009.08.10"]
[Round "3"]
[White "Adams, Michael"]
[Black "Smeets, Jan"]
[Result "0-1"]
[WhiteElo "2699"]
[BlackElo "2632"]
[Annotator "JvR"]
[PlyCount "98"]
[EventDate "2009.08.08"]
[EventType "schev"]
[SourceDate "1999.07.01"]

1. e4 e5 2. Nf3 Nf6 3. Nxe5 d6 4. Nf3 Nxe4 5. d4 d5 6. Bd3 Nc6 7. O-O Be7 8. c4
Nb4 9. cxd5 Nxd3 10. Qxd3 Qxd5 11. Re1 Bf5 12. Ne5 O-O-O 13. Qf3 g6 14. g4 Bb4
$5 ({The alternative is} 14... Bh4 15. Nc3 Nxc3 16. bxc3 Be6 17. g5 Rhe8) 15.
Re2 $2 ({Correct is} 15. Re3 $1) 15... Bxg4 $1 16. Nxg4 Nc3 $1 17. Qxd5 $6 ({
Preferable is} 17. Re3 Qxf3 18. Rxf3 Ne2+ 19. Kg2 Nxc1 20. Nc3 Rxd4 21. Ne5)
17... Nxe2+ 18. Kf1 Rxd5 19. Kxe2 Rxd4 {Black has a pleasant endgame.} 20. Ne3
Rh4 21. Nf1 Bd6 22. Be3 Bxh2 23. Nxh2 Rxh2 24. Nd2 Re8 {
He has kept his advantage.} 25. Rc1 b6 26. Kf3 Rh3+ 27. Kg2 Rh5 28. Rc4 Rd5 29.
Kf3 Re6 30. b3 Kd7 31. Rf4 f6 32. Rh4 h5 33. Nc4 c5 34. Ke2 Rd4 35. Rh1 Ke7 36.
Nb2 Kf7 37. Kf3 Rd5 38. Ke2 Rd4 39. Kf3 Rd7 40. Ke2 Re4 41. Kf3 Re8 42. Kg3 Rh8
$1 {Black threatens .. g5.} 43. f4 Ke6 44. Kf3 Kf5 45. Rg1 Rg7 $6 46. Rd1 g5
47. fxg5 fxg5 48. Rd5+ Ke6 49. Ke4 ({Or} 49. Rxg5 Rxg5 50. Bxg5 h4 $1) 49... h4
$1 {Smeets played an accurate game.} 0-1

[Event "Staunton Memorial 7"]
[Site "London"]
[Date "2009.08.10"]
[Round "3"]
[White "McShane, Luke"]
[Black "Van Wely, Loek"]
[Result "1-0"]
[WhiteElo "2620"]
[BlackElo "2655"]
[Annotator "JvR"]
[PlyCount "85"]
[EventDate "2009.08.08"]
[EventType "schev"]
[SourceDate "1999.07.01"]

1. e4 c5 2. d3 g6 3. f4 Bg7 4. Nf3 d5 5. Be2 Nc6 6. O-O Nf6 7. e5 Ng4 8. c3 d4
9. Ng5 Nh6 10. Bf3 $5 ({Known is} 10. Ne4) 10... dxc3 11. bxc3 Nd4 $5 12. cxd4
$1 {Jones accepts the provocation.} Qxd4+ 13. Rf2 Qxa1 14. Rb2 $1 {
The queen is imprisoned.} Nf5 $2 (14... f6 $1 15. Nd2 $1 fxg5 16. Nb3 Qxb2 17.
Bxb2 gxf4 18. Nxc5 O-O {gets two rooks for the queen and almost equalises.})
15. Nc3 $1 Nd4 16. Nge4 Nxf3+ 17. gxf3 b6 18. Qc2 O-O 19. Rb1 {
He catches the queen.} Qxb1 20. Qxb1 Rd8 21. Kg2 h6 22. Be3 Be6 23. Nf2 f6 24.
Ne2 Kh7 25. d4 Bc4 26. Qc2 cxd4 27. Nxd4 Rac8 28. Qa4 fxe5 29. fxe5 a5 30. Nc6
$1 b5 31. Qxa5 Rd7 32. Qa6 Rf8 33. f4 g5 34. fxg5 Bd5+ 35. Kg1 hxg5 36. Nb4 Bf3
37. Qxb5 Rdd8 38. h3 Rf5 39. Nbd3 Be2 40. Qb1 Kh8 41. Nc1 Rxe5 42. Nxe2 Rxe3
43. Qb6 {Luke wins a lot of material.} 1-0

[Event "Staunton Memorial 7"]
[Site "London"]
[Date "2009.08.10"]
[Round "3"]
[White "Short, Nigel"]
[Black "Sokolov, Ivan"]
[Result "1-0"]
[WhiteElo "2684"]
[BlackElo "2655"]
[Annotator "JvR"]
[PlyCount "61"]
[EventDate "2009.08.08"]
[EventType "schev"]
[SourceDate "1999.07.01"]

1. e4 e5 2. Nf3 Nc6 3. Bc4 Nf6 4. Ng5 d5 5. exd5 Na5 6. Bb5+ c6 7. dxc6 bxc6 8.
Bd3 h6 9. Ne4 Nd5 10. O-O g6 11. Re1 Bg7 12. Bf1 O-O 13. d3 f5 $5 14. Nc5 Qd6
15. Nb3 Nb7 ({The alternative will become} 15... Nxb3 $5 16. axb3 c5) 16. g3
Be6 17. c4 Nb6 18. Qc2 Nd7 19. Nc3 a5 20. Na4 g5 21. Bd2 Bf7 $6 (21... f4 $1 {
takes the initiative.}) 22. Bc3 Rfe8 23. d4 $1 e4 (23... exd4 24. Nxd4 Bxd4 25.
Bxd4 Qxd4 26. Red1 Qe5 27. Rxd7 {also favours White.}) 24. Rad1 Bg6 $6 ({
Slightly better is} 24... Qg6 $5 25. Be2 f4) 25. c5 $1 Qc7 26. d5 $1 cxd5 27.
Rxd5 Bxc3 28. Qxc3 Ne5 29. Red1 f4 30. c6 $1 Qxc6 31. Rxe5 $1 {
Britain took the lead by 8-7.} 1-0

[Event "Staunton Memorial 7"]
[Site "London"]
[Date "2009.08.11"]
[Round "4"]
[White "Smeets, Jan"]
[Black "Jones, Gawain"]
[Result "1-0"]
[WhiteElo "2632"]
[BlackElo "2554"]
[Annotator "JvR"]
[PlyCount "81"]
[EventDate "2009.08.08"]
[EventType "schev"]
[SourceDate "1999.07.01"]

1. e4 c5 2. Nf3 d6 3. d4 cxd4 4. Nxd4 Nf6 5. Nc3 g6 6. Be3 Bg7 7. f3 O-O 8. Qd2
Nc6 9. O-O-O d5 10. Kb1 Nxd4 11. e5 Nf5 12. exf6 exf6 13. Bc5 d4 14. Bxf8 Qxf8
15. Nb5 Ne3 16. Rc1 $5 {
White has a slight material advantage but Black has a positional compensation.}
({Usual is} 16. Re1 f5 17. f4) 16... f5 17. Nxd4 f4 18. c3 Qd6 19. Bd3 Bxd4 20.
cxd4 Be6 $6 ({Preferable is} 20... Qxd4 21. Qc3 Qd5 22. Bc4 Bf5+ 23. Ka1 Qd7)
21. Be4 Rd8 22. g3 Nc4 23. Qc3 b5 24. gxf4 Qxf4 25. Rhd1 b4 26. Qd3 Nb6 $6 (
26... Ne3 $5 27. Re1 Nf5 28. d5 Ne7 29. Rc5 Qxh2 {offers more resistance.}) 27.
Qd2 Qd6 28. Qg5 Re8 29. Qg3 Qd8 30. Qc7 Qf6 31. d5 $1 Bd7 32. d6 Ba4 33. b3 Bb5
34. Qxa7 Nd7 35. Qd4 Qh4 36. Bc6 Qh5 37. Bxb5 Qxb5 38. Qd5 Qa6 39. Re1 Rd8 40.
Re7 Kh8 41. Rxf7 {Smeets won a solid game.} 1-0

[Event "Staunton Memorial 7"]
[Site "London"]
[Date "2009.08.11"]
[Round "4"]
[White "Van Wely, Loek"]
[Black "Howell, David"]
[Result "1-0"]
[WhiteElo "2655"]
[BlackElo "2614"]
[Annotator "JvR"]
[PlyCount "77"]
[EventDate "2009.08.08"]
[EventType "schev"]
[SourceDate "1999.07.01"]

1. c4 Nf6 2. Nc3 d5 3. cxd5 Nxd5 4. g3 g6 5. Bg2 Nb6 6. Nf3 Bg7 7. O-O O-O 8.
d4 Nc6 9. d5 Na5 10. Qc2 c6 11. dxc6 Nxc6 12. Rd1 Bf5 13. e4 Bd7 14. Qe2 Qc8
15. Be3 Bg4 16. Rac1 Qe6 17. h3 Bxf3 18. Bxf3 h5 $5 ({Theory is} 18... Ne5 19.
Bg2 Nec4) 19. Bg2 Nc4 20. Bg5 Rad8 $6 ({'Preferable is} 20... Nb6 21. f4 Bd4+
22. Kh2 Rad8) 21. Nd5 $1 Nxb2 22. Rd2 Na4 23. Qd1 f6 $1 24. Bf4 $5 Nb6 25. Bc7
Rc8 $5 26. Nf4 Qf7 27. Bxb6 axb6 28. e5 $1 {White threatens Bd5!} Kh7 29. Bd5
Qe8 30. Ne6 Rh8 $2 (30... Bh6 $1 31. Nxf8+ Qxf8 32. f4 fxe5 $1 {
offers more resistance.}) 31. exf6 exf6 32. Bb3 Nb8 33. Rxc8 Qxc8 34. Rd6 Re8
35. Qd5 Bh6 36. Qd4 Qc1+ 37. Kg2 Re7 38. Qxf6 Nc6 39. Nf8+ {
Black will be mated in two.} 1-0

[Event "Staunton Memorial 7"]
[Site "London"]
[Date "2009.08.11"]
[Round "4"]
[White "Werle, Jan"]
[Black "McShane, Luke"]
[Result "0-1"]
[WhiteElo "2575"]
[BlackElo "2620"]
[Annotator "JvR"]
[PlyCount "120"]
[EventDate "2009.08.08"]
[EventType "schev"]
[SourceDate "1999.07.01"]

1. d4 Nf6 2. c4 g6 3. Nc3 Bg7 4. e4 d6 5. Nf3 O-O 6. Be2 e5 7. O-O Nbd7 8. Be3
Re8 9. d5 Nh5 10. g3 Bf8 11. Ne1 Ng7 12. Nd3 f5 13. f3 Be7 14. Qd2 a5 15. Rac1
$5 b6 16. b4 $5 axb4 17. Nxb4 Bb7 18. Nc6 Bxc6 19. dxc6 Nc5 {
White has weakened his queenside.} 20. Rcd1 Nce6 21. Nd5 Rf8 22. Bd3 f4 $1 {
Black delivers a positional sacrifice.} 23. gxf4 exf4 24. Nxf4 Nxf4 25. Bxf4
Ne6 26. Be3 Bg5 27. f4 $2 {White blunders a pawn.} ({Better is} 27. c5 Bxe3+
28. Qxe3 Nxc5 29. Bc4+ Kg7 30. f4 {and the chances are equal.}) 27... Bxf4 28.
Rxf4 Qg5+ $1 29. Kh1 Rxf4 30. c5 $5 Qh5 31. Bxf4 Qf3+ 32. Kg1 Nxf4 33. Bf1 Qg4+
34. Kh1 Qf3+ 35. Kg1 bxc5 36. Re1 Qg4+ 37. Kh1 Qf3+ 38. Kg1 Rf8 39. a4 Qg4+ 40.
Kh1 Qf3+ 41. Kg1 Nh3+ $5 42. Bxh3 Qxh3 43. a5 c4 44. Qe2 Qc3 45. Rd1 Qxa5 46.
Qxc4+ Kg7 47. Qd4+ Rf6 48. Kh1 Qb5 49. Qc3 Qe2 50. Re1 Qg4 51. Re3 Qd1+ 52. Re1
Qg4 53. Qd3 Qh4 54. Re3 Re6 55. Re2 Re5 56. Qc3 Qf6 57. Qh3 Rh5 58. Qd7+ Kh6
59. Rg2 Qf1+ 60. Rg1 Qf3+ {The standings became 10-10 in Britain - Netherlands.
} 0-1

[Event "Staunton Memorial 7"]
[Site "London"]
[Date "2009.08.12"]
[Round "5"]
[White "Howell, David"]
[Black "Werle, Jan"]
[Result "1-0"]
[WhiteElo "2614"]
[BlackElo "2575"]
[Annotator "JvR"]
[PlyCount "97"]
[EventDate "2009.08.08"]
[EventType "schev"]
[SourceDate "1999.07.01"]

1. e4 e5 2. Nf3 Nc6 3. d4 exd4 4. Nxd4 Bc5 5. Nxc6 Qf6 6. Qf3 bxc6 7. Nc3 Qxf3
8. gxf3 Ne7 9. Be3 Bxe3 10. fxe3 d6 11. Rg1 O-O 12. f4 Kh8 13. O-O-O f5 14. e5
dxe5 15. Bc4 exf4 $6 ({Usual is} 15... Ng6 $1) 16. exf4 Rb8 17. Rde1 Ng8 18.
Na4 $1 {White has an excellent compensation for the pawn.} Bd7 $6 ({
More useful is} 18... g6) 19. Nc5 Rbd8 20. Rg3 Bc8 21. Ra3 $1 Rd4 22. b3 Rxf4
23. Rxa7 Rd4 24. Rxc7 {He has regained the pawn in a superior position.} f4 25.
Bxg8 $5 Rxg8 26. Rf7 $5 Rd5 27. b4 $5 Rf5 28. Rxf5 Bxf5 29. a4 g5 30. a5 f3 $2
({Better is} 30... g4 $1 31. a6 g3 32. hxg3 fxg3) 31. Kd2 $1 g4 32. a6 h5 $5
33. Re5 Bg6 34. Ke3 h4 35. Kf2 Bh7 36. a7 Bxc2 $5 37. Rg5 $2 (37. Nd7 $1 Ra8
38. Ra5 {wins for White.}) 37... Ra8 $6 (37... g3+ 38. hxg3 hxg3+ 39. Rxg3 Ra8
40. Rxf3 Rxa7 {tries to survive.}) 38. Rxg4 Rxa7 39. Rxh4+ Kg7 40. Kxf3 Ra1 41.
Rc4 Bd1+ 42. Kf4 Ra2 43. h4 Rh2 44. Ke5 Bf3 45. Ne6+ Kh6 46. Nd4 Bd5 47. Rc5
Bg2 $6 (47... Bh1 $5 48. Nxc6 Rxh4 49. b5 {favours White.}) 48. Rc2 $1 Kh5 49.
Ne6 {Werle scored poorly.} 1-0